Diccionario de locuciones adverbiales : para la enseñanza del español /

Bibliographic Details
Main Author: Penadés Martínez, Inmaculada (Author)
Format: Electronic eBook
Language:Spanish
Published: Madrid : Arco/Libros, S. L., [2005]
Subjects:
Online Access:Digitalia Hispánica

MARC

LEADER 00000nam a2200000Ii 4500
001 DIGARCOL0245
003 NyNyDIG
006 m o d
007 cr |||||||||||
008 241001s2005 sp o 000 0 spa d
035 |a (OCoLC)1391397013 
040 |a DGITA  |b eng  |e rda  |e pn  |c DGITA 
020 |z 9788476356142 
050 1 4 |a PC4325 ebook 
100 1 |a Penadés Martínez, Inmaculada,  |e author. 
245 1 0 |a Diccionario de locuciones adverbiales :  |b para la enseñanza del español /  |c Inmaculada Penadés Martínez. 
264 1 |a Madrid :  |b Arco/Libros, S. L.,  |c [2005] 
300 |a 1 online resource. 
336 |a text  |b txt  |2 rdacontent 
337 |a computer  |b c  |2 rdamedia 
338 |a online resource  |b cr  |2 rdacarrier 
347 |a text file  |2 rdaft 
347 |b PDF 
588 0 |a Online resource; title from PDF title page (Digitalia, viewed October 1, 2024) 
650 0 |a Spanish language  |x Adverbials  |v Dictionaries. 
650 0 |a Spanish language  |x Idioms  |v Dictionaries. 
791 2 |a Digitalia (Firm),  |e distributor. 
793 0 |g Digitalia eBook Collection:  |a Arco/Libros 
776 0 8 |i Print version:  |a Penadés Martínez, Inmaculada.  |t Diccionario de locuciones adverbiales.  |d Madrid : Arco/Libros, S. L., [2005]  |z 9788476356142 
856 4 0 |3 Digitalia Hispánica  |u https://www.digitaliapublishing.com/a/138148/ 
910 |a Premium collection: 2024